Formula one drivers standings from each season (2025-2028) - Statistics

General Stats
  • This quiz has been taken 82 times
    28 since last reset
  • The average score is 55 of 87
Answer Stats
Year Constructor Driver Points Nationality % Correct
2025 McLaren Oscar Piastri 324 Australia
95%
2026 McLaren Oscar Piastri 0 Australia
95%
2025 Mercedes Andrea Kimi Antonelli 78 Italy
90%
2025 Ferrari Charles Leclerc 165 Monaco
90%
2026 Ferrari Charles Leclerc 0 Monaco
90%
2025 Mercedes George Russell 212 UK
90%
2025 McLaren Lando Norris 299 UK
90%
2026 McLaren Lando Norris 0 UK
90%
2025 Ferrari Lewis Hamilton 121 UK
90%
2026 Ferrari Lewis Hamilton 0 UK
90%
2025 Red Bull Max Verstappen 255 Netherlands
90%
2026 Red Bull Max Verstappen 0 Netherlands
90%
2027 Red Bull Max Verstappen 0 Netherlands
90%
2028 Red Bull Max Verstappen 0 Netherlands
90%
2025 Williams Alexander Albon 74 Thailand
85%
2026 Williams Alexander Albon 0 Thailand
85%
2025 Williams Carlos Sainz 31 Spain
85%
2026 Williams Carlos Sainz 0 Spain
85%
2025 Haas Esteban Ocon 28 France
85%
2026 Haas Esteban Ocon 0 France
85%
2025 Aston Martin Fernando Alonso 30 Spain
85%
2026 Aston Martin Fernando Alonso 0 Spain
85%
2025 Alpine Franco Colapinto 0 Argentina
85%
2025 Kick Sauber Gabriel Bortoleto 18 Brazil
85%
2026 Audi Gabriel Bortoleto 0 Brazil
85%
2025 Alpine Jack Doohan 0 Australia
85%
2025 Aston Martin Lance Stroll 32 Canada
85%
2026 Aston Martin Lance Stroll 0 Canada
85%
2025 Reb Bull, VCARB Liam Lawson 30 New Zealand
85%
2025 Kick Sauber Nico Hülkenberg 37 Germany
85%
2026 Audi Nico Hülkenberg 0 Germany
85%
2025 Haas Oliver Bearman 16 UK
85%
2026 Haas Oliver Bearman 0 UK
85%
2025 Alpine Pierre Gasly 20 France
85%
2026 Alpine Pierre Gasly 0 France
85%
2025 VCARB, Red Bull Yuki Tsunoda 20 Japan
85%
2025 VCARB Isack Hadjar 39 France
80%
2026 Alpine TBC 0 TBC
45%
2026 Cadillac TBC 0 TBC
45%
2026 Cadillac TBC 0 TBC
45%
2026 Mercedes TBC 0 TBC
45%
2026 Mercedes TBC 0 TBC
45%
2026 VCARB TBC 0 TBC
45%
2026 VCARB TBC 0 TBC
45%
2026 Red Bull TBC 0 TBC
45%
2027 Alpine TBC 0 TBC
45%
2027 Alpine TBC 0 TBC
45%
2027 Aston Martin TBC 0 TBC
45%
2027 Aston Martin TBC 0 TBC
45%
2027 Audi TBC 0 TBC
45%
2027 Audi TBC 0 TBC
45%
2027 Cadillac TBC 0 TBC
45%
2027 Cadillac TBC 0 TBC
45%
2027 Ferrari TBC 0 TBC
45%
2027 Ferrari TBC 0 TBC
45%
2027 Haas TBC 0 TBC
45%
2027 Haas TBC 0 TBC
45%
2027 McLaren TBC 0 TBC
45%
2027 McLaren TBC 0 TBC
45%
2027 Mercedes TBC 0 TBC
45%
2027 Mercedes TBC 0 TBC
45%
2027 VCARB TBC 0 TBC
45%
2027 VCARB TBC 0 TBC
45%
2027 Red Bull TBC 0 TBC
45%
2027 Williams TBC 0 TBC
45%
2027 Williams TBC 0 TBC
45%
2028 Alpine TBC 0 TBC
45%
2028 Alpine TBC 0 TBC
45%
2028 Aston Martin TBC 0 TBC
45%
2028 Aston Martin TBC 0 TBC
45%
2028 Audi TBC 0 TBC
45%
2028 Audi TBC 0 TBC
45%
2028 Cadillac TBC 0 TBC
45%
2028 Cadillac TBC 0 TBC
45%
2028 Ferrari TBC 0 TBC
45%
2028 Ferrari TBC 0 TBC
45%
2028 Haas TBC 0 TBC
45%
2028 Haas TBC 0 TBC
45%
2028 McLaren TBC 0 TBC
45%
2028 McLaren TBC 0 TBC
45%
2028 Mercedes TBC 0 TBC
45%
2028 Mercedes TBC 0 TBC
45%
2028 VCARB TBC 0 TBC
45%
2028 VCARB TBC 0 TBC
45%
2028 Red Bull TBC 0 TBC
45%
2028 Williams TBC 0 TBC
45%
2028 Williams TBC 0 TBC
45%
No matching quizzes found
Score Distribution
Percent of People with Each Score
Percentile by Number Answered
Your Score History
You have not taken this quiz since the last reset